The poems of William Wordsworth (Record no. 93292)
[ view plain ]
| 000 -LEADER | |
|---|---|
| fixed length control field | 01336nam a2200301 a 4500 |
| 100 1# - MAIN ENTRY--AUTHOR NAME | |
| Personal name | Wordsworth, William, |
| 245 14 - TITLE STATEMENT | |
| Title | The poems of William Wordsworth |
| 260 ## - PUBLICATION, DISTRIBUTION, ETC. (IMPRINT) | |
| Place of publication | Tirril [England] ; |
| -- | Penrith, Calif. : |
| Name of publisher | Humanities-Ebooks, |
| Year of publication | 2011. |
| 300 ## - PHYSICAL DESCRIPTION | |
| Number of Pages | 781 p. |
| 490 0# - SERIES STATEMENT | |
| Series statement | The poems of William Wordsworth : collected reading texts from the Cornell Wordsworth series ; |
| 500 ## - GENERAL NOTE | |
| General note | Includes index. |
| 700 1# - ADDED ENTRY--PERSONAL NAME | |
| Personal name | Curtis, Jared. |
| 856 40 - ELECTRONIC LOCATION AND ACCESS | |
| Uniform Resource Identifier | http://site.ebrary.com/lib/rucke/Doc?id=10567302 |
No items available.
